000 00174 a2200097 4500
020 _a9780439801836
041 _aeng
100 _aBerger melvin
245 _aGrowl
942 _cBK
999 _c9550
_d9550